Countries by proposed flag - Statistics

General Stats
  • This quiz has been taken 239 times
    186 since last reset
  • The average score is 66 of 194
Answer Stats
Picture Answer % Correct
Portugal
84%
Israel
76%
Venezuela
72%
China
71%
New Zealand
71%
Philippines
71%
Slovakia
71%
Greece
70%
Brunei
69%
Slovenia
67%
Kyrgyzstan
65%
Tajikistan
65%
Burundi
64%
Egypt
64%
Qatar
64%
South Korea
64%
Chad
63%
Kenya
63%
Albania
62%
Czech Republic
62%
Dominica
62%
Nauru
62%
Barbados
61%
Gambia
61%
North Macedonia
61%
Sri Lanka
61%
Afghanistan
59%
Bhutan
59%
Canada
59%
Colombia
59%
Estonia
59%
Sweden
59%
Uganda
58%
Austria
57%
United Kingdom
57%
Italy
56%
Liechtenstein
56%
Vatican city
56%
Bahrain
55%
Finland
55%
Croatia
54%
Argentina
53%
Guyana
53%
Tanzania
53%
Zimbabwe
53%
Dominican Republic
52%
Nepal
52%
Saint Kitts and Nevis
52%
Ireland
51%
San Marino
51%
Thailand
51%
United Arab Emirates
51%
Bahamas
50%
France
50%
South Africa
50%
Bolivia
49%
Zambia
49%
Burkina Faso
48%
Cuba
48%
Eritrea
48%
Poland
48%
Cambodia
47%
Ivory Coast
46%
Japan
46%
Malta
46%
Oman
46%
Saint Lucia
46%
Nigeria
45%
Denmark
44%
Iran
44%
United States
44%
Iceland
43%
Laos
43%
Malawi
43%
Montenegro
43%
North Korea
43%
Pakistan
43%
Turkey
43%
Kazakhstan
42%
Mauritius
42%
Papua New Guinea
41%
Hungary
39%
Central African Republic
38%
Mongolia
38%
Netherlands
38%
Nicaragua
38%
Ecuador
37%
Grenada
37%
Uzbekistan
37%
Eswatini
36%
Serbia
36%
Brazil
35%
India
35%
Indonesia
34%
Mexico
34%
Azerbaijan
32%
Syria
32%
Togo
32%
Trinidad and Tobago
32%
Benin
31%
Monaco
30%
Cyprus
29%
Guinea
29%
Switzerland
29%
Belize
28%
Bosnia and Herzegovina
28%
Germany
28%
Haiti
28%
Cape Verde
27%
Kiribati
27%
Singapore
27%
Vanuatu
27%
Moldova
26%
Saint Vincent and the Grenadines
26%
Malaysia
24%
Andorra
23%
Comoros
23%
Russia
23%
Turkmenistan
23%
Cameroon
22%
Federated States of Micronesia
22%
São Tomé and Príncipe
22%
Taiwan
22%
Lesotho
21%
Somalia
21%
Uruguay
21%
Antigua and Barbuda
20%
Ethiopia
20%
Namibia
20%
Sudan
20%
Honduras
19%
Morocco
19%
Tuvalu
19%
Belarus
18%
Botswana
18%
Djibouti
18%
Finland
18%
Paraguay
18%
Peru
18%
East Timor
16%
Jordan
16%
Latvia
16%
Seychelles
16%
Angola
15%
Armenia
15%
Georgia
15%
Ghana
15%
Liberia
15%
Luxembourg
15%
Suriname
15%
Australia
14%
Libya
14%
Marshall Islands
14%
Myanmar
14%
Democratic Republic of the Congo
13%
Jamaica
13%
Palau
13%
Panama
13%
Mali
12%
El Salvador
11%
Maldives
11%
Solomon Islands
11%
Yemen
11%
Fiji
10%
Gabon
10%
Bulgaria
9%
Niger
9%
Iraq
8%
Republic of the Congo
8%
Saudi Arabia
8%
Spain
8%
Guatemala
7%
Lithuania
7%
Senegal
7%
Tonga
7%
Tunisia
7%
Costa Rica
6%
Mauritania
6%
Kosovo
5%
Lebanon
5%
Vietnam
5%
Equatorial Guinea
4%
Guinea-Bissau
4%
Madagascar
4%
Chile
3%
Mozambique
3%
Romania
3%
South Sudan
3%
Ukraine
3%
Rwanda
2%
Sierra Leone
2%
Belgium
1%
Kuwait
1%
Samoa
1%
No matching quizzes found
Score Distribution
Percent of People with Each Score
Percentile by Number Answered
Your Score History
You have not taken this quiz since the last reset